20 American Authors Quiz Stats

 Plays Quiz Updated Jun 25, 2015

Score 0/20 Timer 06:00
0 Plays Today
% Correct
Mark Twain
90.6%
Edgar Allan Poe
88.5%
Stephen King
80.7%
Maya Angelou
75.9%
Ernest Hemingway
67.9%
Toni Morrison
56.4%
Dr. Seuss
54.5%
F. Scott Fitzgerald
50.7%
Emily Dickinson
43.4%
Harper Lee
42.9%
% Correct
Dan Brown
37.7%
John Steinbeck
37.1%
J. D. Salinger
24.6%
Danielle Steel
19.2%
Suzanne Collins
16.9%
Anne Rice
16.6%
Gertrude Stein
16.3%
Margaret Mitchell
13.6%
John Irving
10.7%
Paul Auster
4%

You're not logged in!

Compare scores with friends on all Sporcle quizzes.
OR
Log In

Show Comments

Extras

Top Quizzes Today


Score Distribution

Your Account Isn't Verified!

In order to create a playlist on Sporcle, you need to verify the email address you used during registration. Go to your Sporcle Settings to finish the process.

Report this User

Report this user for behavior that violates our Community Guidelines.

Details: